Quiero ser: 8°Básico. Manual del alumno
সংরক্ষণ করুন:
| সংস্থা লেখক: | , , |
|---|---|
| বিন্যাস: | গ্রন্থ |
| ভাষা: | স্প্যানিশ |
| প্রকাশিত: |
Santiago, Chile
CONACE
2002
|
| মালা: | Programa de Prevención del Consumo de Drogas
|
| বিষয়গুলি: | |
| ট্যাগগুলো: |
ট্যাগ যুক্ত করুন
কোনো ট্যাগ নেই, প্রথমজন হিসাবে ট্যাগ করুন!
|
MARC
| LEADER | 00000nam a2200000 a 4500 | ||
|---|---|---|---|
| 001 | UCM2691 | ||
| 003 | CL-VaPUC | ||
| 005 | 20210422001400.0 | ||
| 008 | 020613e20020200CL |||||||||||||||||spa|d | ||
| 999 | |c 300416 |d 300414 | ||
| 040 | |c Pontificia Universidad Católica de Valparaíso | ||
| 082 | 0 | 4 | |a 362.29 CON 2002 |2 21 |
| 110 | 2 | |a CONACE |9 469430 | |
| 245 | 1 | 0 | |a Quiero ser: 8°Básico. Manual del alumno |
| 260 | 0 | 3 | |a Santiago, Chile |b CONACE |c 2002 |
| 300 | |a 39 páginas | ||
| 490 | 0 | |a Programa de Prevención del Consumo de Drogas | |
| 583 | |a last modification |c 20020613 00:00:00 |k Rodrigo Vera | ||
| 650 | 0 | |a Abuso de drogas |9 254876 | |
| 650 | 0 | |a Problemas sociales |9 258537 | |
| 650 | 7 | |a PREVENCION |2 CL-VaPUC |9 322995 | |
| 650 | 0 | |a Educación básica |9 224933 | |
| 710 | 2 | |a MINEDUC |9 469431 | |
| 710 | 2 | |a Fundación Paz Ciudadana |9 469432 | |
| 942 | |c BK |2 ddc | ||
| 945 | |d 20020613 00:00:00 |a cmena | ||
| 952 | |0 0 |1 0 |2 ddc |4 0 |6 362_290000000000000_CON_2002 |7 0 |8 P |9 358189 |a BIBEDU |b BIBEDU |c BIBEDU_PB |d 2019-11-21 |i 381923K |o 362.29 CON 2002 |p 381923K |r 2024-01-25 |t 1 |w 2019-11-21 |y BK |k BME | ||
| 952 | |0 0 |1 0 |2 ddc |4 0 |6 362_290000000000000_CON_2002 |7 0 |8 P |9 358190 |a BIBEDU |b BIBEDU |c BIBEDU_PB |d 2019-11-21 |i 3819248 |o 362.29 CON 2002 |p 3819248 |r 2024-01-25 |t 2 |w 2019-11-21 |y BK |k BME | ||
| 952 | |0 0 |1 0 |2 ddc |4 0 |6 362_290000000000000_CON_2002 |7 0 |8 P |9 358191 |a BIBEDU |b BIBEDU |c BIBEDU_PB |d 2019-11-21 |i 3853101 |o 362.29 CON 2002 |p 3853101 |r 2024-01-25 |t 3 |w 2019-11-21 |y BK |k EPE | ||
| 952 | |0 0 |1 0 |2 ddc |4 0 |6 362_290000000000000_CON_2002 |7 0 |8 P |9 358192 |a BIBEDU |b BIBEDU |c BIBEDU_PB |d 2019-11-21 |i 3960234 |o 362.29 CON 2002 |p 3960234 |r 2024-01-25 |t 4 |w 2019-11-21 |y BK |k EPE | ||
| 952 | |0 0 |1 0 |2 ddc |4 0 |6 362_290000000000000_CON_2002 |7 0 |8 P |9 358193 |a BIBEDU |b BIBEDU |c BIBEDU_PB |d 2019-11-21 |i 3962660 |o 362.29 CON 2002 |p 3962660 |r 2024-01-25 |t 5 |w 2019-11-21 |y BK |k EBA | ||
| 952 | |0 0 |1 0 |2 ddc |4 0 |6 362_290000000000000_CON_2002 |7 0 |8 P |9 358194 |a BIBEDU |b BIBEDU |c BIBEDU_PB |d 2019-11-21 |i 3962679 |o 362.29 CON 2002 |p 3962679 |r 2024-01-25 |t 6 |w 2019-11-21 |y BK |k EBA | ||
| 952 | |0 0 |1 0 |2 ddc |4 0 |6 362_290000000000000_CON_2002 |7 0 |8 P |9 358195 |a BIBEDU |b BIBEDU |c BIBEDU_PB |d 2019-11-21 |i 3962687 |o 362.29 CON 2002 |p 3962687 |r 2024-01-25 |t 7 |w 2019-11-21 |y BK |k EBA | ||